[Event "zonal 1.7a"]
[Site "Vilnius LTU"]
[Date "1993.??.??"]
[Round "?"]
[White "Malisauskas, Vidmantas"]
[Black "Novikov, Vitalij"]
[Result "1/2-1/2"]
[WhiteElo "2570"]
[BlackElo "2270"]
[EventDate "1993.03.??"]
[PlyCount "95"]

1.e4 e6 2.d4 d5 3.exd5 exd5 4.Nf3 Nf6 5.Bg5 Be7 6.Bd3 Bg4 7.O-O O-O 8.Nbd2
Nbd7 9.c3 Bh5 10.Re1 Re8 11.Qb3 Rb8 12.Ne5 Bg6 13.Nxg6 hxg6 14.Nf3 Nf8 15.
c4 N8h7 16.Bh4 c6 17.cxd5 cxd5 18.Bg3 Bd6 19.Rxe8+ Nxe8 20.Qxd5 Bxg3 21.
Qxd8 Bxh2+ 22.Kxh2 Rxd8 23.Rc1 Kf8 24.g4 Nhf6 25.Kg3 Nd6 26.Rh1 Ke7 27.
Re1+ Kf8 28.Bc2 Nd7 29.Bb3 Re8 30.Rxe8+ Kxe8 31.Kf4 f6 32.g5 Nf7 33.Ke4 
Ke7 34.Bxf7 Kxf7 35.Kd5 Ke7 36.b3 Nb6+ 37.Ke4 Ke6 38.Nh4 Nd5 39.a4 Ne7 40.
f4 Kd6 41.Ng2 a6 42.Ne3 b5 43.axb5 axb5 44.Kd3 Nc6 45.Nd1 Na5 46.Nc3 Nxb3 
47.Nxb5+ Ke6 48.Ke4 1/2-1/2

[Event "zonal 1.7a"]
[Site "Vilnius LTU"]
[Date "1993.??.??"]
[Round "?"]
[White "Malisauskas, Vidmantas"]
[Black "Oll, Lembit"]
[Result "1-0"]
[WhiteElo "2570"]
[BlackElo "2585"]
[EventDate "1993.03.??"]
[PlyCount "51"]

1.e4 c6 2.d4 d5 3.Nd2 dxe4 4.Nxe4 Nd7 5.Ng5 Ngf6 6.Bd3 e6 7.Qe2 Bd6 8.N1f3
h6 9.Ne4 Nxe4 10.Qxe4 Nf6 11.Qe2 Qc7 12.Bd2 O-O 13.O-O-O c5 14.g4 Nd5 15.
g5 Nf4 16.Bxf4 Bxf4+ 17.Kb1 cxd4 18.Rhg1 e5 19.gxh6 Bxh6 20.Nxe5 Qd6 21.
Qe4 f5 22.Bc4+ Kh7 23.Qxd4 Qxd4 24.Rxd4 f4 25.Ng6 Re8 26.Bf7 1-0

[Event "zonal 1.7a"]
[Site "Vilnius LTU"]
[Date "1993.??.??"]
[Round "?"]
[White "Malisauskas, Vidmantas"]
[Black "Rotsagov, Mihhail"]
[Result "1-0"]
[WhiteElo "2570"]
[BlackElo "2430"]
[EventDate "1993.03.??"]
[PlyCount "75"]

1.e4 e5 2.Nf3 Nc6 3.Bb5 a6 4.Bxc6 dxc6 5.O-O Ne7 6.Nxe5 Qd4 7.Nf3 Qxe4 8.
Re1 Qg6 9.Ne5 Qf5 10.Nc3 h5 11.d4 Be6 12.Ne4 O-O-O 13.Nc5 Ng6 14.Nxg6 Qxg6
15.Nxe6 fxe6 16.c3 c5 17.Qb3 cxd4 18.Rxe6 Re8 19.Rxe8+ Qxe8 20.Bf4 dxc3 
21.Qxc3 Qf7 22.g3 Kb8 23.Qd4 Bd6 24.Bxd6 cxd6 25.Qxd6+ Ka8 26.h4 Rf8 27.
Qd4 Qf5 28.b4 g5 29.hxg5 Qxg5 30.a4 Rd8 31.Qe4 Qf6 32.Rb1 Rf8 33.Rf1 Rg8 
34.b5 a5 35.Qd5 Rg5 36.Qd2 h4 37.Re1 Kb8 38.b6 1-0

[Event "zonal 1.7a"]
[Site "Vilnius LTU"]
[Date "1993.??.??"]
[Round "?"]
[White "Novikov, Vitalij"]
[Black "Fridmans, Daniels"]
[Result "1/2-1/2"]
[WhiteElo "2270"]
[BlackElo "2380"]
[EventDate "1993.03.??"]
[PlyCount "68"]

1.e4 d6 2.d4 Nf6 3.Nc3 g6 4.Be3 c6 5.f3 Nbd7 6.Qd2 b5 7.g4 h6 8.Nge2 Bg7 
9.Ng3 Bb7 10.h4 e6 11.O-O-O Nb6 12.Bd3 Qc7 13.g5 hxg5 14.hxg5 Rxh1 15.Rxh1
Nfd7 16.Rh7 Bf8 17.d5 cxd5 18.Bxb5 dxe4 19.Ngxe4 Bc6 20.Bxb6 axb6 21.Qf4 
Ne5 22.Nf6+ Kd8 23.Rh8 Qe7 24.Bxc6 Nxc6 25.Nb5 Rb8 26.Nxd6 e5 27.Qg4 Qxd6 
28.Rxf8+ Ke7 29.Rxb8 Nxb8 30.Qc8 Qd8 31.Ng8+ Ke8 32.Nf6+ Ke7 33.Ng8+ Ke8 
34.Nf6+ Ke7 1/2-1/2

[Event "zonal 1.7a"]
[Site "Vilnius LTU"]
[Date "1993.??.??"]
[Round "?"]
[White "Novikov, Vitalij"]
[Black "Sepp, Olav"]
[Result "1-0"]
[WhiteElo "2270"]
[BlackElo "2390"]
[EventDate "1993.03.??"]
[PlyCount "129"]

1.e4 e5 2.Nf3 Nc6 3.Bb5 a6 4.Bxc6 dxc6 5.O-O Qd6 6.Na3 Be6 7.Ng5 Bd7 8.d3 
f6 9.Nc4 Qe7 10.Nf3 Qf7 11.Qe2 Be6 12.Be3 Ne7 13.Ncd2 Ng6 14.d4 Be7 15.
dxe5 fxe5 16.Ng5 Bxg5 17.Bxg5 h6 18.Be3 O-O-O 19.Rfd1 Nf4 20.Bxf4 exf4 21.
Nb3 Kb8 22.Rxd8+ Rxd8 23.Rd1 Re8 24.f3 Bc8 25.a3 g5 26.Nc5 Qg7 27.Nd3 c5 
28.c3 b6 29.Nf2 Kb7 30.Rd2 h5 31.h3 Qg6 32.Qd1 Qf6 33.Qe2 Ka7 34.Rd1 Qg6 
35.Rd2 Rg8 36.Qd1 Qf6 37.Qe2 g4 38.fxg4 hxg4 39.hxg4 Qh4 40.Rd3 Bxg4 41.
Nxg4 Rxg4 42.e5 f3 43.Rxf3 Qh7 44.e6 Rh4 45.Rh3 Rxh3 46.gxh3 Qxh3 47.Qe5 
Qg4+ 48.Kf2 Qh4+ 49.Ke2 Qe7 50.Qf5 Qh4 51.Qe5 Qe7 52.Qd5 Qh4 53.Qd7 Qe4+ 
54.Kd2 Qf4+ 55.Kc2 Qf5+ 56.Kb3 Kb7 57.Ka2 b5 58.Ka1 Kb6 59.Ka2 a5 60.a4 
bxa4 61.c4 Qe4 62.Qb5+ Ka7 63.Qxc5+ Kb8 64.Qb5+ Kc8 65.Qd5 1-0

[Event "zonal 1.7a"]
[Site "Vilnius LTU"]
[Date "1993.??.??"]
[Round "?"]
[White "Novikov, Vitalij"]
[Black "Zuravlovs, Valerijs"]
[Result "0-1"]
[WhiteElo "2270"]
[BlackElo "2485"]
[EventDate "1993.03.??"]
[PlyCount "90"]

1.e4 e5 2.Nf3 Nc6 3.Bb5 a6 4.Bxc6 dxc6 5.O-O Bg4 6.h3 Bxf3 7.Qxf3 Qd7 8.d3
f6 9.Nc3 h5 10.h4 O-O-O 11.g3 Kb8 12.Kg2 Be7 13.Rh1 g6 14.Be3 f5 15.Qe2 
Rf8 16.f3 f4 17.gxf4 exf4 18.Bf2 Nh6 19.Rag1 Qe6 20.Kf1 Rhg8 21.b3 Bf6 22.
Nd1 Qd6 23.Qd2 c5 24.Qa5 Be7 25.Nb2 Qc6 26.Na4 b5 27.Nc3 Kb7 28.Ke2 Re8 
29.Kd2 Nf7 30.Nd5 Ne5 31.Ke2 Bf8 32.c4 Nd7 33.Qd2 Bh6 34.Rg2 Qd6 35.Rhg1 
c6 36.Nc3 Qe6 37.d4 bxc4 38.dxc5 Ne5 39.Qd6 Qh3 40.Rg3 fxg3 41.Bxg3 Qe6 
42.Qd4 Bg7 43.Qe3 Rd8 44.Rb1 Rd3 45.bxc4+ Ka8 0-1

[Event "zonal 1.7a"]
[Site "Vilnius LTU"]
[Date "1993.??.??"]
[Round "?"]
[White "Oll, Lembit"]
[Black "Piesina, Gintautas"]
[Result "1-0"]
[WhiteElo "2585"]
[BlackElo "2395"]
[EventDate "1993.03.??"]
[PlyCount "77"]

1.d4 Nf6 2.c4 g6 3.Nc3 Bg7 4.e4 d6 5.Nf3 O-O 6.Be2 e5 7.O-O Nc6 8.d5 Ne7 
9.Bg5 Nh5 10.g3 h6 11.Bd2 Bh3 12.Re1 f5 13.Nh4 Nf6 14.exf5 g5 15.Ng6 Nxg6 
16.fxg6 Bf5 17.Bf3 g4 18.Bg2 Qe8 19.c5 b6 20.cxd6 cxd6 21.Rc1 Qxg6 22.Nb5 
Ne4 23.Be3 Nc5 24.Nc7 Rac8 25.Nb5 Ra8 26.Rc4 h5 27.b4 Nd3 28.Re2 Bh6 29.
Bxh6 Qxh6 30.Qd2 Qg6 31.Nc7 Rac8 32.Qc3 b5 33.Rc6 Rf6 34.Ne6 Rxc6 35.Qxc6 
Nxb4 36.Qxd6 Nc2 37.Qd8+ Kh7 38.Nf8+ Rxf8 39.Qxf8 1-0

[Event "zonal 1.7a"]
[Site "Vilnius LTU"]
[Date "1993.??.??"]
[Round "?"]
[White "Piesina, Gintautas"]
[Black "Luckans, Ilmars"]
[Result "0-1"]
[WhiteElo "2395"]
[BlackElo "2330"]
[EventDate "1993.03.??"]
[PlyCount "114"]

1.d4 g6 2.c4 Bg7 3.Nf3 d6 4.e4 Nd7 5.Nc3 c5 6.Be2 cxd4 7.Nxd4 Ngf6 8.O-O 
O-O 9.Be3 a6 10.Qd2 Ne5 11.f3 Bd7 12.Rfd1 Rc8 13.b3 Re8 14.Rac1 Nc6 15.Nc2
Be6 16.Nd5 Nd7 17.b4 h5 18.Qe1 a5 19.a3 axb4 20.axb4 Ra8 21.Nf4 Nf8 22.
Nxe6 Nxe6 23.c5 Qb8 24.cxd6 exd6 25.b5 Na5 26.Nb4 Nb3 27.Rb1 Nbd4 28.Bc4 
Rc8 29.Bxe6 Nxe6 30.Nd5 Rc2 31.Rdc1 Raa2 32.Rxc2 Rxc2 33.Qd1 Ra2 34.Qb3 
Ra5 35.b6 Nc5 36.Qb4 Ra4 37.Qb5 Ra2 38.Nc7 Na4 39.Qc4 Nc3 40.Re1 Qd8 41.
Qf1 Qh4 42.Kh1 Be5 43.Bg1 Rb2 44.Nd5 Nxd5 45.exd5 Rb4 46.Rb1 Ra4 47.Qe1 
Qc4 48.Rd1 Ra2 49.Qf1 Qa4 50.Qd3 h4 51.h3 Qf4 52.Qb1 Rb2 53.Qc1 Qg3 54.Rd2
Rxb6 55.Ra2 Kg7 56.f4 Bxf4 57.Qc4 Rb1 0-1

[Event "zonal 1.7a"]
[Site "Vilnius LTU"]
[Date "1993.??.??"]
[Round "?"]
[White "Piesina, Gintautas"]
[Black "Malisauskas, Vidmantas"]
[Result "0-1"]
[WhiteElo "2395"]
[BlackElo "2570"]
[EventDate "1993.03.??"]
[PlyCount "92"]

1.d4 Nf6 2.Nf3 g6 3.c4 Bg7 4.Nc3 O-O 5.e4 d6 6.Be2 e5 7.O-O Nc6 8.Be3 Ng4 
9.Bg5 f6 10.Bc1 f5 11.Bg5 Qd7 12.exf5 gxf5 13.d5 Ne7 14.c5 Ng6 15.c6 bxc6 
16.dxc6 Qf7 17.h3 Nf6 18.Bxf6 Bxf6 19.Nd5 Be6 20.Bc4 Nf4 21.Nxf6+ Qxf6 22.
Bxe6+ Nxe6 23.Qd2 Kh8 24.Kh1 Rg8 25.Rg1 Rg6 26.Rad1 Rag8 27.g3 Rh6 28.h4 
f4 29.Nh2 Nd4 30.Qd3 Rhg6 31.h5 R6g7 32.g4 Nxc6 33.Qa6 Nd4 34.Qxa7 Ne2 35.
Rge1 Ng3+ 36.fxg3 fxg3 37.Qe3 Qh4 38.Rd2 Rxg4 39.Rg2 gxh2 40.Rxh2 Qd8 41.
Qf3 Rg3 42.Qc6 Qg5 43.Qc1 Qf5 44.Qd1 Rh3 45.Qe2 Rxh2+ 46.Kxh2 Qf4+ 0-1

[Event "zonal 1.7a"]
[Site "Vilnius LTU"]
[Date "1993.??.??"]
[Round "?"]
[White "Piesina, Gintautas"]
[Black "Ruzele, Darius"]
[Result "1-0"]
[WhiteElo "2395"]
[BlackElo "2500"]
[EventDate "1993.03.??"]
[PlyCount "93"]

1.e4 e6 2.d4 d5 3.Nc3 Nf6 4.e5 Nfd7 5.f4 c5 6.Nf3 Nc6 7.Be3 cxd4 8.Nxd4 
Qb6 9.Qd2 Qxb2 10.Rb1 Qa3 11.Bd3 a6 12.Nce2 Nc5 13.O-O Be7 14.Nxc6 bxc6 
15.Nd4 Bd7 16.f5 Nxd3 17.cxd3 c5 18.fxe6 fxe6 19.Nc2 Qxa2 20.Bg5 Bd8 21.
Qf4 Bxg5 22.Qxg5 Qxc2 23.Qxg7 O-O-O 24.Rfc1 Qxb1 25.Rxb1 Bb5 26.Qe7 Rhe8 
27.Qxh7 c4 28.d4 Rd7 29.Qg6 Ree7 30.h4 Rc7 31.h5 c3 32.Rc1 Be8 33.Qd3 Bb5 
34.Qe3 c2 35.Qb3 Rh7 36.Rxc2 Bc4 37.Qf3 Rcf7 38.Qg4 Kd7 39.Rxc4 dxc4 40.d5
Re7 41.d6 Re8 42.Qxc4 Rc8 43.Qe4 Rc1+ 44.Kf2 Rf7+ 45.Kg3 Rc3+ 46.Kh2 Rb3 
47.Qa4+ 1-0

[Event "zonal 1.7a"]
[Site "Vilnius LTU"]
[Date "1993.??.??"]
[Round "?"]
[White "Piesina, Gintautas"]
[Black "Sepp, Olav"]
[Result "1/2-1/2"]
[WhiteElo "2395"]
[BlackElo "2390"]
[EventDate "1993.03.??"]
[PlyCount "89"]

1.d4 Nf6 2.c4 g6 3.Nc3 Bg7 4.e4 d6 5.h3 O-O 6.Bg5 c5 7.d5 e6 8.Bd3 exd5 9.
cxd5 a6 10.Nf3 b5 11.O-O Re8 12.Re1 Nbd7 13.a3 Bb7 14.Qd2 Rc8 15.Rac1 Qe7 
16.Kh1 Qf8 17.Bf4 Nh5 18.Be3 Kh8 19.Bg5 Ne5 20.Nxe5 Rxe5 21.Be3 f5 22.exf5
gxf5 23.f4 Re7 24.Bf2 Bh6 25.g3 Rg7 26.Kh2 Qg8 27.Rg1 Qf7 28.Be2 Nf6 29.
Bf3 Re8 30.b4 cxb4 31.axb4 Rgg8 32.Qd3 Qg6 33.Ne2 Bxd5 34.Bxd5 Nxd5 35.Nd4
Re4 36.Nf3 Nxb4 37.Bd4+ Bg7 38.Bxg7+ Qxg7 39.Qxd6 Re2+ 40.Kh1 Qb7 41.Qd4+ 
Rg7 42.Qd8+ Rg8 43.Qd4+ Rg7 44.Qd8+ Rg8 45.Qd4+ 1/2-1/2

[Event "zonal 1.7a"]
[Site "Vilnius LTU"]
[Date "1993.??.??"]
[Round "?"]
[White "Ruzele, Darius"]
[Black "Butnorius, Algimantas"]
[Result "1-0"]
[WhiteElo "2500"]
[BlackElo "2415"]
[EventDate "1993.03.??"]
[PlyCount "141"]

1.d4 Nf6 2.c4 e6 3.Nf3 d5 4.Nc3 Be7 5.cxd5 exd5 6.Bf4 c6 7.Qc2 Na6 8.a3 
Nc7 9.e3 Ne6 10.Be5 O-O 11.h3 g6 12.Bd3 Ng7 13.g4 a5 14.Rg1 b5 15.Ne2 Bd7 
16.Nd2 a4 17.Kf1 Nfe8 18.Kg2 Nd6 19.Rad1 Rc8 20.Nb1 Nc4 21.Bxc4 dxc4 22.
Nbc3 Be6 23.Nf4 f6 24.Nxe6 Nxe6 25.Bg3 Qd7 26.f3 Rce8 27.d5 Nc5 28.dxc6 
Qxc6 29.Nd5 Bd8 30.Nb4 Qb7 31.Qd2 Nb3 32.Qd5+ Qxd5 33.Nxd5 Rf7 34.Bd6 Ba5 
35.e4 Kg7 36.Bb4 Rd8 37.Bxa5 Nxa5 38.Nf4 Rdd7 39.Ne6+ Kg8 40.Nc5 Rxd1 41.
Rxd1 Rc7 42.Ne6 Re7 43.Rd8+ Kf7 44.Nd4 b4 45.axb4 Rb7 46.Rd5 Nb3 47.Nc2 
Rc7 48.b5 c3 49.b6 Rb7 50.bxc3 Rxb6 51.Rd7+ Kg8 52.Nb4 Na5 53.Ra7 Rb5 54.
Kf2 f5 55.Ke3 a3 56.exf5 gxf5 57.g5 Rc5 58.Kf4 Rb5 59.h4 Rc5 60.h5 h6 61.
gxh6 Rb5 62.Kg5 f4+ 63.Kg4 Nc4 64.Nc6 Ne3+ 65.Kxf4 Nd5+ 66.Kg3 Nxc3 67.
Ne7+ Kh7 68.Nd5+ Kxh6 69.Nxc3 Rb3 70.Ne4 Kxh5 71.Nd2 1-0

[Event "zonal 1.7a"]
[Site "Vilnius LTU"]
[Date "1993.??.??"]
[Round "?"]
[White "Ruzele, Darius"]
[Black "Lanka, Zigurds"]
[Result "1/2-1/2"]
[WhiteElo "2500"]
[BlackElo "2545"]
[EventDate "1993.03.??"]
[PlyCount "99"]

1.d4 Nf6 2.c4 c5 3.d5 b5 4.Nf3 Bb7 5.a4 Qa5+ 6.Bd2 b4 7.Qc2 g6 8.e4 d6 9.
Bd3 Bg7 10.O-O Nbd7 11.Ra2 Qc7 12.b3 a5 13.Kh1 O-O-O 14.Ng5 Rdf8 15.f4 h6 
16.Nh3 e5 17.f5 gxf5 18.Rxf5 Kb8 19.Be1 Ng4 20.Rf3 Bc8 21.Nd2 Ndf6 22.Nf1 
Nh7 23.Nf2 h5 24.Bd2 Qe7 25.Ng3 Ng5 26.Bxg5 Qxg5 27.Nh3 Qh4 28.Qe2 Nh6 29.
Nf5 Bxf5 30.exf5 e4 31.Qxe4 Qd8 32.Re2 Be5 33.Rf1 Ng4 34.Nf4 Rfg8 35.Qf3 
Nxh2 36.Kxh2 Qh4+ 37.Qh3 Bxf4+ 38.Kh1 Qxh3+ 39.gxh3 Rg3 40.Rxf4 Rxh3+ 41.
Kg2 Rxd3 42.Re7 h4 43.Rxf7 h3+ 44.Kh2 Rxb3 45.Rf2 Rc3 46.Re2 Rg8 47.f6 Rf3
48.Rg7 Rf8 49.Ree7 R3xf6 50.Rb7+ 1/2-1/2

[Event "zonal 1.7a"]
[Site "Vilnius LTU"]
[Date "1993.??.??"]
[Round "?"]
[White "Ruzele, Darius"]
[Black "Luckans, Ilmars"]
[Result "1-0"]
[WhiteElo "2500"]
[BlackElo "2330"]
[EventDate "1993.03.??"]
[PlyCount "101"]

1.d4 Nf6 2.c4 g6 3.Nc3 Bg7 4.e4 d6 5.Be2 Nbd7 6.Nf3 e5 7.O-O c6 8.Qc2 O-O 
9.Rd1 Qc7 10.Rb1 Re8 11.d5 c5 12.a3 a6 13.b4 b6 14.Rb3 Nf8 15.Bd2 Bg4 16.
bxc5 dxc5 17.Rdb1 N8d7 18.h3 Bxf3 19.Bxf3 Reb8 20.Na4 Ra7 21.R1b2 Bf8 22.
Nxb6 Rxb6 23.Rxb6 Nxb6 24.Ba5 Rb7 25.Qb1 Nfd7 26.Bg4 Nf6 27.Rxb6 Rxb6 28.
Qxb6 Qxb6 29.Bxb6 Nxg4 30.hxg4 Bd6 31.g5 h6 32.gxh6 Kh7 33.Bd8 Kxh6 34.Bf6
g5 35.f3 Kh5 36.g4+ Kg6 37.Bd8 f6 38.Kf1 Kf7 39.Ke2 Be7 40.Bb6 Ke8 41.Kd3 
Kd7 42.Kc2 Kc8 43.Kb3 Kb7 44.d6 Bxd6 45.Bd8 Kc6 46.Ka4 Kd7 47.Bxf6 Bc7 48.
Bxg5 Ke6 49.Be3 Bb6 50.Bd2 Bd8 51.Ba5 1-0

[Event "zonal 1.7a"]
[Site "Vilnius LTU"]
[Date "1993.??.??"]
[Round "?"]
[White "Ruzele, Darius"]
[Black "Malisauskas, Vidmantas"]
[Result "1/2-1/2"]
[WhiteElo "2500"]
[BlackElo "2570"]
[EventDate "1993.03.??"]
[PlyCount "45"]

1.d4 g6 2.c4 Bg7 3.Nc3 d6 4.Nf3 Nf6 5.e4 O-O 6.Be2 e5 7.O-O Nc6 8.d5 Ne7 
9.b4 a5 10.Ba3 axb4 11.Bxb4 b6 12.a4 Ne8 13.Qb3 Rb8 14.Qa3 f5 15.a5 c5 16.
dxc6 Nxc6 17.axb6 fxe4 18.Nxe4 Nxb4 19.Qxb4 Qxb6 20.Qxb6 Rxb6 21.Nfd2 Bh6 
22.Nb1 Nf6 23.Nxf6+ 1/2-1/2

[Event "zonal 1.7a"]
[Site "Vilnius LTU"]
[Date "1993.??.??"]
[Round "?"]
[White "Ruzele, Darius"]
[Black "Rotsagov, Mihhail"]
[Result "1/2-1/2"]
[WhiteElo "2500"]
[BlackElo "2430"]
[EventDate "1993.03.??"]
[PlyCount "30"]

1.d4 Nf6 2.c4 g6 3.Nc3 d5 4.Bf4 Bg7 5.e3 c5 6.dxc5 Qa5 7.Qb3 Nc6 8.Qb5 Be6
9.O-O-O dxc4 10.Bxc4 Bxc4 11.Qxc4 O-O 12.Nge2 Rac8 13.Nd4 Qb4 14.Qxb4 Nxb4
15.Nb3 Na6 1/2-1/2

[Event "zonal 1.7a"]
[Site "Vilnius LTU"]
[Date "1993.??.??"]
[Round "?"]
[White "Ruzele, Darius"]
[Black "Sokolovs, Andrejs"]
[Result "1/2-1/2"]
[WhiteElo "2500"]
[BlackElo "2480"]
[EventDate "1993.03.??"]
[PlyCount "25"]

1.d4 d6 2.c4 e5 3.Nf3 e4 4.Ng5 f5 5.Nc3 Nf6 6.Nh3 c6 7.g3 Na6 8.Bg2 g6 9.
O-O Bg7 10.Rb1 O-O 11.f3 exf3 12.exf3 Nc7 13.Re1 1/2-1/2

[Event "zonal 1.7a"]
[Site "Vilnius LTU"]
[Date "1993.??.??"]
[Round "?"]
[White "Rotsagov, Mihhail"]
[Black "Lauk, Ular"]
[Result "1/2-1/2"]
[WhiteElo "2430"]
[BlackElo "2410"]
[EventDate "1993.03.??"]
[PlyCount "24"]

1.e4 e5 2.Nf3 Nf6 3.Nxe5 d6 4.Nf3 Nxe4 5.Nc3 Nf6 6.d4 Be7 7.Bd3 O-O 8.h3 
c6 9.O-O Nbd7 10.Bg5 Re8 11.Re1 Nf8 12.Qd2 Be6 1/2-1/2

[Event "zonal 1.7a"]
[Site "Vilnius LTU"]
[Date "1993.??.??"]
[Round "?"]
[White "Rotsagov, Mihhail"]
[Black "Novikov, Vitalij"]
[Result "1/2-1/2"]
[WhiteElo "2430"]
[BlackElo "2270"]
[EventDate "1993.03.??"]
[PlyCount "22"]

1.e4 e6 2.d4 d5 3.e5 c5 4.dxc5 Bxc5 5.Qg4 Kf8 6.Bd3 Nc6 7.Nf3 Qc7 8.Qg3 f6
9.exf6 Qxg3 10.hxg3 Nxf6 11.Bf4 Ng4 1/2-1/2

[Event "zonal 1.7a"]
[Site "Vilnius LTU"]
[Date "1993.??.??"]
[Round "?"]
[White "Sepp, Olav"]
[Black "Lanka, Zigurds"]
[Result "0-1"]
[WhiteElo "2390"]
[BlackElo "2545"]
[EventDate "1993.03.??"]
[PlyCount "88"]

1.Nf3 Nf6 2.g3 g6 3.Bg2 Bg7 4.O-O O-O 5.d3 d5 6.Nbd2 b6 7.e4 dxe4 8.dxe4 
Bb7 9.Qe2 Nfd7 10.Re1 Nc5 11.Nb3 Nbd7 12.Nfd4 e5 13.Nxc5 Nxc5 14.Nb3 Ne6 
15.Be3 a5 16.Rad1 Qe7 17.c3 a4 18.Nc1 Kh8 19.Qb5 a3 20.b4 Rfd8 21.Qc4 h5 
22.Qb3 Rxd1 23.Rxd1 Bc6 24.b5 Bb7 25.Nd3 Qe8 26.c4 f5 27.exf5 Bxg2 28.Kxg2
gxf5 29.f4 exf4 30.Nxf4 Nxf4+ 31.Bxf4 Qe2+ 32.Kh3 Re8 33.Qd3 Qg4+ 34.Kg2 
Re2+ 35.Kg1 Rxa2 36.Bxc7 Qxd1+ 37.Qxd1 Ra1 38.Qxa1 Bxa1 39.c5 Bd4+ 40.Kg2 
a2 41.cxb6 a1=Q 42.b7 Qg1+ 43.Kh3 Qf1+ 44.Kh4 Bf6+ 0-1

[Event "zonal 1.7a"]
[Site "Vilnius LTU"]
[Date "1993.??.??"]
[Round "?"]
[White "Sepp, Olav"]
[Black "Luckans, Ilmars"]
[Result "1-0"]
[WhiteElo "2390"]
[BlackElo "2330"]
[EventDate "1993.03.??"]
[PlyCount "65"]

1.e4 g6 2.d4 Bg7 3.Nc3 d6 4.Nge2 Nd7 5.g3 e5 6.Bg2 Ngf6 7.O-O O-O 8.h3 a6 
9.Be3 Rb8 10.a4 h6 11.a5 Re8 12.dxe5 Nxe5 13.f4 Nc4 14.Bc1 b6 15.axb6 Nxb6
16.Qd3 Bb7 17.g4 Qe7 18.Ng3 Nfd7 19.Be3 Nc5 20.Bxc5 dxc5 21.e5 Rbd8 22.Qe2
Bc8 23.Rae1 c4 24.Qf2 Qb4 25.f5 gxf5 26.Nxf5 Bxf5 27.Qxf5 Qc5+ 28.Kh1 Rxe5
29.Qxf7+ Kh8 30.Be4 Rg5 31.Rf6 Qd6 32.Rxd6 Rxd6 33.Qe8+ 1-0

[Event "zonal 1.7a"]
[Site "Vilnius LTU"]
[Date "1993.??.??"]
[Round "?"]
[White "Sepp, Olav"]
[Black "Malisauskas, Vidmantas"]
[Result "1-0"]
[WhiteElo "2390"]
[BlackElo "2570"]
[EventDate "1993.03.??"]
[PlyCount "73"]

1.e4 c5 2.g3 d5 3.exd5 Qxd5 4.Nf3 Bg4 5.Bg2 Qe6+ 6.Kf1 Bh3 7.b4 cxb4 8.a3 
b3 9.Nc3 Nf6 10.Rb1 Bxg2+ 11.Kxg2 Qc6 12.Rxb3 e6 13.d4 Be7 14.d5 Qc8 15.
Qe2 O-O 16.dxe6 fxe6 17.Re1 Bc5 18.Qxe6+ Qxe6 19.Rxe6 b6 20.Ne4 Nbd7 21.
Bb2 Nxe4 22.Rxe4 Nf6 23.Re2 Rae8 24.Rxe8 Rxe8 25.Ne5 Rc8 26.Rd3 Be7 27.c4 
Kf8 28.Kf3 Ke8 29.g4 Rc5 30.g5 Ng8 31.h4 h6 32.Kg4 hxg5 33.hxg5 b5 34.Rh3 
bxc4 35.Rh8 c3 36.Rxg8+ Bf8 37.Ng6 1-0

[Event "zonal 1.7a"]
[Site "Vilnius LTU"]
[Date "1993.??.??"]
[Round "?"]
[White "Sepp, Olav"]
[Black "Ruzele, Darius"]
[Result "0-1"]
[WhiteElo "2390"]
[BlackElo "2500"]
[EventDate "1993.03.??"]
[PlyCount "118"]

1.e4 c5 2.Nf3 e6 3.d3 Nc6 4.g3 d5 5.Nbd2 Nf6 6.Bg2 Be7 7.O-O Qc7 8.Re1 b6 
9.exd5 Nxd5 10.Nc4 O-O 11.a4 Bb7 12.Bg5 Nd4 13.Bxe7 Nxe7 14.Nxd4 cxd4 15.
Bxb7 Qxb7 16.Re4 Rad8 17.Qe2 a6 18.Qd2 Nc6 19.Ree1 Qc7 20.f4 Rd5 21.Qf2 
Rfd8 22.Re2 Rc5 23.Rae1 h6 24.g4 b5 25.axb5 axb5 26.Na3 Rdd5 27.Re4 Qa5 
28.Qe2 Qa7 29.Kh1 Rd8 30.Qg2 Qc7 31.g5 hxg5 32.fxg5 Ne7 33.Rg1 g6 34.h4 
Kg7 35.h5 gxh5 36.g6 Nxg6 37.Rxe6 Kh8 38.Re4 Rf5 39.Rf1 Qd7 40.Qh3 Rxf1+ 
41.Qxf1 Kg7 42.Qg2 Qf5 43.Re1 Rd5 44.Nb1 Rc5 45.Rf1 Qd7 46.Rc1 f6 47.Qf3 
Qg4 48.Qxg4 hxg4 49.Nd2 Rd5 50.Kg2 f5 51.Kg3 Kh6 52.b4 Kg5 53.Nb3 f4+ 54.
Kh2 g3+ 55.Kh3 Rd8 56.Re1 Rh8+ 57.Kg2 Nh4+ 58.Kf1 Nf3 59.Re7 Rh2 0-1

[Event "zonal 1.7a"]
[Site "Vilnius LTU"]
[Date "1993.??.??"]
[Round "?"]
[White "Sepp, Olav"]
[Black "Rotsagov, Mihhail"]
[Result "1/2-1/2"]
[WhiteElo "2390"]
[BlackElo "2430"]
[EventDate "1993.03.??"]
[PlyCount "143"]

1.e4 c5 2.Nf3 d6 3.c3 Nf6 4.Be2 g6 5.O-O Bg7 6.Bb5+ Bd7 7.Bxd7+ Qxd7 8.Re1
Nc6 9.d4 cxd4 10.cxd4 O-O 11.Nc3 Rac8 12.h3 Rfd8 13.d5 Na5 14.Qd3 a6 15.
Rb1 Qc7 16.Be3 Nc4 17.Bd4 Bh6 18.Nh2 Ne5 19.Qd1 b5 20.Nf1 Qc4 21.Ne3 Qd3 
22.Bxe5 Qxd1 23.Rbxd1 dxe5 24.Ng4 Nxg4 25.hxg4 b4 26.Na4 Rc2 27.Kf1 Rdc8 
28.Re2 Rxe2 29.Kxe2 Rc2+ 30.Kf3 Bd2 31.Ke2 Bg5+ 32.Kf3 Kf8 33.Rd3 Bc1 34.
d6 exd6 35.Rxd6 Bd2 36.Rxa6 Be1 37.Ke3 Rxf2 38.g3 Rg2 39.Nc5 Rxb2 40.Nd3 
Rb1 41.Nxe5 Bxg3 42.Nd3 b3 43.axb3 Rxb3 44.Ra5 Bc7 45.Rd5 Ke8 46.e5 Rb1 
47.Kf3 Rd1 48.Ke2 Rg1 49.Kf3 Bd8 50.Nc5 Bh4 51.Ne4 Ke7 52.Rb5 Ke6 53.Kf4 
Rf1+ 54.Ke3 Be7 55.Nf2 Bg5+ 56.Ke2 Rg1 57.Rb6+ Ke7 58.Rb7+ Kf8 59.e6 Be7 
60.exf7 Kxf7 61.Kf3 h6 62.Nh3 Rf1+ 63.Kg2 Rf6 64.g5 hxg5 65.Nxg5+ Ke8 66.
Rb8+ Bd8 67.Nf3 Re6 68.Nd4 Rd6 69.Nf3 Kf7 70.Kh3 Bf6 71.Kg4 Rd7 72.Rb4 
1/2-1/2

[Event "zonal 1.7a"]
[Site "Vilnius LTU"]
[Date "1993.??.??"]
[Round "?"]
[White "Sepp, Olav"]
[Black "Zuravlovs, Valerijs"]
[Result "1-0"]
[WhiteElo "2390"]
[BlackElo "2485"]
[EventDate "1993.03.??"]
[PlyCount "73"]

1.e4 e5 2.Nf3 Nc6 3.Bc4 d6 4.c3 Be6 5.Bxe6 fxe6 6.Qb3 Qc8 7.Ng5 Nd8 8.d4 
exd4 9.cxd4 Be7 10.Qg3 Qd7 11.Nxh7 Bf6 12.Nxf6+ gxf6 13.Nc3 Qh7 14.Be3 Nc6
15.Qg4 f5 16.exf5 exf5 17.Qe2 O-O-O 18.d5 Ne5 19.O-O-O Re8 20.Bxa7 b6 21.
Qa6+ Kd8 22.Nb5 Qd7 23.Bb8 Ke7 24.Bxc7 Rc8 25.Qxb6 Nf6 26.Kb1 Ne4 27.Rhe1 
Nc4 28.Qc6 Qxc6 29.dxc6 Kf6 30.f3 Ned2+ 31.Kc2 Rxh2 32.Rxd2 Nxd2 33.Kxd2 
Rxg2+ 34.Re2 Rxe2+ 35.Kxe2 Ke6 36.Bxd6 Rxc6 37.Nd4+ 1-0

[Event "zonal 1.7a"]
[Site "Vilnius LTU"]
[Date "1993.??.??"]
[Round "?"]
[White "Sokolovs, Andrejs"]
[Black "Butnorius, Algimantas"]
[Result "1/2-1/2"]
[WhiteElo "2480"]
[BlackElo "2415"]
[EventDate "1993.03.??"]
[PlyCount "45"]

1.e4 e5 2.Nf3 Nc6 3.Be2 Nf6 4.d3 d5 5.Nbd2 Be7 6.O-O O-O 7.c3 a5 8.b3 Re8 
9.Bb2 Bf8 10.a3 g6 11.Re1 Bg7 12.Bf1 b6 13.b4 dxe4 14.dxe4 Bb7 15.Qc2 Qe7 
16.Bc4 Nb8 17.bxa5 Rxa5 18.Nb3 Ra8 19.a4 Ba6 20.Bxa6 Nxa6 21.a5 Qe6 22.
axb6 cxb6 23.Nfd2 1/2-1/2

[Event "zonal 1.7a"]
[Site "Vilnius LTU"]
[Date "1993.??.??"]
[Round "?"]
[White "Sokolovs, Andrejs"]
[Black "Lanka, Zigurds"]
[Result "0-1"]
[WhiteElo "2480"]
[BlackElo "2545"]
[EventDate "1993.03.??"]
[PlyCount "62"]

1.c4 Nf6 2.Nc3 c5 3.g3 Nc6 4.Bg2 g6 5.Nf3 d6 6.d4 Bd7 7.d5 Na5 8.Nd2 a6 9.
a4 Bg7 10.O-O h5 11.h3 Rb8 12.e4 Qc8 13.h4 O-O 14.Qe2 e6 15.Ra3 Re8 16.Nf3
Nxc4 17.Qxc4 b5 18.axb5 axb5 19.Qd3 b4 20.dxe6 Rxe6 21.Ng5 bxa3 22.Nxe6 
Bxe6 23.bxa3 Rb3 24.Qc2 c4 25.Ne2 Ng4 26.Bf4 Rb2 27.Qd1 c3 28.Bf3 Bc4 29.
Bc1 Ne5 30.Nxc3 Nxf3+ 31.Qxf3 Rb3 0-1

[Event "zonal 1.7a"]
[Site "Vilnius LTU"]
[Date "1993.??.??"]
[Round "?"]
[White "Sokolovs, Andrejs"]
[Black "Luckans, Ilmars"]
[Result "0-1"]
[WhiteElo "2480"]
[BlackElo "2330"]
[EventDate "1993.03.??"]
[PlyCount "92"]

1.d4 d5 2.c4 c6 3.Nf3 e6 4.Nc3 Be7 5.cxd5 exd5 6.Bf4 Nf6 7.e3 Nh5 8.Bg3 
Nxg3 9.hxg3 Bf5 10.Bd3 Bxd3 11.Qxd3 g6 12.O-O-O Nd7 13.Kb1 f5 14.Ne2 Bf6 
15.g4 fxg4 16.Nh2 Qe7 17.Nxg4 O-O-O 18.f4 Kb8 19.Ne5 Bxe5 20.fxe5 Rdf8 21.
Rh3 Rf2 22.Nf4 Nb6 23.Rf3 Rxf3 24.gxf3 Rf8 25.Qe2 Nc4 26.b3 Na3+ 27.Kb2 
Nb5 28.Qd3 g5 29.Nxd5 Qa3+ 30.Kb1 Rxf3 31.Qe2 g4 32.Rc1 Qa5 33.Rc5 Qa6 34.
Ka1 Nc7 35.Nc3 Qxe2 36.Nxe2 Ne6 37.Rc3 g3 38.Kb2 h5 39.e4 Rf2 40.Rc2 h4 
41.d5 Ng5 42.e6 Nxe4 43.e7 Nd6 44.dxc6 bxc6 45.Nd4 Rxc2+ 46.Kxc2 g2 0-1